| 000 | 01492nam a2200217 a 4500 | ||
|---|---|---|---|
| 001 | 000042012 | ||
| 005 | 20201002035902.0 | ||
| 008 | 131030s2000 sp ab 000 0 spa d | ||
| 020 | _a8400078675 | ||
| 040 |
_aDO-SdBNP _bspa _cBNPHU |
||
| 082 |
_axxx _bxxx |
||
| 245 | 0 | 0 |
_aEl Septentrión Novohispano : _becohistoria, sociedades e imágenes de frontera / _cSalvador Bernabéu Albert (editor). |
| 260 |
_aMadrid : _bConsejo Superior de Investigaciones Científicas, _c2000. |
||
| 300 |
_a196 p. : _bil., mapas ; _c24 cm. |
||
| 490 | 1 |
_aTierra nueva e cielo nuevo _v39 |
|
| 500 | _aIncluye referencias bibliográficas y notas al pie de las páginas. | ||
| 504 | _aBibliografía: p. 192-196 | ||
| 505 | 2 |
_tTres modelos para el análisis histórico de las relaciones hombre/espacio en Sudcalifornia (1500-1940) _rM. Micheline Cariño _tDe la Nueva Galicia al Nuevo México : por el Camino Real de tierra adentro _rChantal Cramaussel _tColonización agrícola y colonización minera : la región de Chihuahua durante la primera mitad del Siglo XVIII _rSalvador Álvarez _tLos grupos de poder en la creación del Nuevo Santander (1747-1766) _rPatricia Osante _tRoss : la colonización rusa frente a la española _rMartha Ortega _tEl diablo en California : recepción y decadencia del maligno en el discuro misional jesuita _rSalvador Bernabéu Albert _tLa idea de las Spanish borderlands _rDavid J. Weber. |
|
| 700 | 1 | 2 |
_aSalvador Bernabeu Albert _eed. _968960 |
| 830 | 0 |
_aTierra nueva e cielo nuevo _v39 _915388 |
|
| 999 |
_c41501 _d41501 |
||